000 00265nam a2200097Ia 4500
001 760571
005 20250826165151.0
008 250824s9999 xx 000 0 und d
245 0 _aMUHTEŞEM SÜLEYMAN VE HÜRREM SULTAN
_cYAVUZ BAHADIROĞLU
260 _bPANAMA YAYINLARI
999 _c760571
_d760571